| 000 | 00458 a2200169 4500 | ||
|---|---|---|---|
| 020 | _a0201845539 | ||
| 024 | _a9780201845532 | ||
| 082 | _a332.042 | ||
| 090 |
_c4551 _d4551 |
||
| 100 | _aEiteman, David K. | ||
| 245 |
_aMultinational Business Finance _cEiteman Stonehill Moffett |
||
| 250 | _a7th Ed. | ||
| 260 |
_aUnited States of America _bAddison-Wesley Publishing Company _c1995 |
||
| 300 | _a697 | ||
| 500 | _apaperback | ||
| 942 |
_aNBS _cBK _k332.042 |
||
| 999 |
_c346993 _d346993 |
||